| 000 | 03016cam a22002054a 4500 | ||
|---|---|---|---|
| 005 | 20250605164058.0 | ||
| 008 | 250528s ||||||||||||||||||||||||d | ||
| 035 | _a17522 | ||
| 020 | _a9600215812 | ||
| 040 |
_aGR-AtMCL _bgre _dGR-AtMCL _eAACR2 |
||
| 245 | 1 | _aΔιεθνές και Εξαγωγικό Marketing στα Πλαίσια της Παγκοσμιοποίησης | |
| 260 |
_bΠαπαζήση, _c2002 |
||
| 300 | _a560 | ||
| 505 | 0 | _aΕισαγώγη στα Θέματα του Διεθνούς Εμπορίου - Διεθνούς Marketing και Παγκοσμοιοποίησης, Έρευνα Αγορών στο Δ.Μ. Διεθνοποίηση Αγορών - Συστήματα Πληροφοριών στο Διεθνή Χώρο και Διεθνείς Οργανισμοί, Προγραμματισμός και Στρατηγικές και Αποφάσεις και Τμηματοποίηση Αγορών και Ανάπτυξη Στρατηγικής Προιόντων στο Δ.Μ., Το Πρόβλημα της Διεθνούς Τιμολογιακής Πολιτικής και Καθορισμός Κόστους και Τιμής, Το Μείγμα Προώθησης (Promotion-Mix) και ο Ρόλος των Επικοινωνιών και Τακτικές Προώθησης στο Δ.Μ. και Διεθνής Διαφήμιση και Δημόσιες Σχέσεις και Sponsoring (Χορηγία), Εμπορικές Εκθέσεις και η Χρησιμότητα τους στις Διεθνείς Αγορές στα Πλαίσια της Προβολής/ Προώθησης Προιόντων/ Υπηρεσιών. | |
| 520 | _aΕισαγώγη στα Θέματα του Διεθνούς Εμπορίου - Διεθνούς Marketing και Παγκοσμοιοποίησης, Έρευνα Αγορών στο Δ.Μ. Διεθνοποίηση Αγορών - Συστήματα Πληροφοριών στο Διεθνή Χώρο και Διεθνείς Οργανισμοί, Προγραμματισμός και Στρατηγικές και Αποφάσεις και Τμηματοποίηση Αγορών και Ανάπτυξη Στρατηγικής Προιόντων στο Δ.Μ., Το Πρόβλημα της Διεθνούς Τιμολογιακής Πολιτικής και Καθορισμός Κόστους και Τιμής, Το Μείγμα Προώθησης (Promotion-Mix) και ο Ρόλος των Επικοινωνιών και Τακτικές Προώθησης στο Δ.Μ. και Διεθνής Διαφήμιση και Δημόσιες Σχέσεις και Sponsoring (Χορηγία), Εμπορικές Εκθέσεις και η Χρησιμότητα τους στις Διεθνείς Αγορές στα Πλαίσια της Προβολής/ Προώθησης Προιόντων/ Υπηρεσιών. | ||
| 700 | 1 |
_aΠατρινός Δημήτρης Θεοδ _91760 |
|
| 942 | _cBK | ||
| 999 |
_c2930 _d2930 |
||